| 000 | 01036nam a22002417a 4500 | ||
|---|---|---|---|
| 005 | 20090825120337.0 | ||
| 008 | 090728t xxu||||| |||| 00| 0 pun d | ||
| 010 | _aPUN-6496 | ||
| 020 | _c200.00 | ||
| 035 | _aPN-5614 | ||
| 037 | _bDBAD / PUB | ||
| 040 |
_adpl _bpn |
||
| 082 | _a920 | ||
| 100 | _924414 | ||
| 245 |
_aਭਾਈ ਨੰਦ ਲਾਲ ਗੋਯਾ / _cਅਮਰਜੀਤ ਸਿੰਘ ਅਮਰ ਅਤੇ ਤਰਿੰਦਰ ਸਿੰਘ ਸੋਨੀ ਦ੍ਵਾਰਾ ਸੰਪਾਦਿਤ |
||
| 246 |
_aBhai Nand lal Goya _bed by Amarjit Singh Amar & tarinder Singh Soni |
||
| 260 |
_aਨਵੀਂ ਦਿੱਲੀ _bਭਾਈ ਨੰਦ ਲਾਲ ਗੋਯਾ ਚੈਰੀਟੇਬਲ ਟਰੱਸਟ _c2010 |
||
| 270 |
_a1825/11, ਗੋਬਿੰਦ ਪੁਰੀ ਐਕਸਟੇਂਸ਼ਨ, _bਨਵੀਂ ਦਿੱਲੀ _e110 019 |
||
| 300 | 4 |
_a114 ਸਫੇ _c22 ਸੇਮੀ (ਸਜਿਲੱਦ) |
|
| 650 |
_924412 _aਜੀਵਨ |
||
| 650 |
_aAutobiography _924431 |
||
| 942 |
_2ddc _cPN _h921 _mਨੰਦਲਾ |
||
| 999 |
_c48775 _d48775 |
||